Compétence Judiciaire Et Effets Des Jugements Dans Le Marché Commun : (Record no. 68989)
[ view plain ]
| 000 -LEADER | |
|---|---|
| fixed length control field | 01147nam a2200313 i 4500 |
| 003 - CONTROL NUMBER IDENTIFIER | |
| control field | EG-GICUC |
| 005 - DATE AND TIME OF LATEST TRANSACTION | |
| control field | 20260405153039.0 |
| 008 - FIXED-LENGTH DATA ELEMENTS--GENERAL INFORMATION | |
| fixed length control field | 260405s1972 fr ||fr|||| 000 0 fre d |
| 040 ## - CATALOGING SOURCE | |
| Original cataloging agency | EG-GiCUC |
| Language of cataloging | fre |
| Transcribing agency | EG-GiCUC |
| Modifying agency | EG-GiCUC |
| Description conventions | rda |
| 041 #0 - LANGUAGE CODE | |
| Language code of text/sound track or separate title | fre |
| 082 04 - DEWEY DECIMAL CLASSIFICATION NUMBER | |
| Edition number | 21 |
| Classification number | 341.511 |
| Item number | DR . C |
| 092 04 - LOCALLY ASSIGNED DEWEY CALL NUMBER (OCLC) | |
| Edition number | 21 |
| 099 ## - LOCAL FREE-TEXT CALL NUMBER (OCLC) | |
| Classification number | Law1 11 341.511 DR . C 1972 |
| 100 ## - MAIN ENTRY--PERSONAL NAME | |
| Personal name | De Visscher, Charles |
| Relator term | Auteur |
| 245 10 - TITLE STATEMENT | |
| Title | Compétence Judiciaire Et Effets Des Jugements Dans Le Marché Commun : |
| Remainder of title | (Etude De La Convention De Bruxelles Du 27 Septembre 1968) / |
| Statement of responsibility, etc. | Par Georges A. L. Droz; Préface De Henri. |
| 264 #1 - PRODUCTION, PUBLICATION, DISTRIBUTION, MANUFACTURE, AND COPYRIGHT NOTICE | |
| Place of production, publication, distribution, manufacture | Paris : |
| Name of producer, publisher, distributor, manufacturer | Librairie Dalloz, |
| Date of production, publication, distribution, manufacture, or copyright notice | 1972.. |
| 300 ## - PHYSICAL DESCRIPTION | |
| Extent | 576 pages, |
| Dimensions | 24 cm |
| 336 ## - CONTENT TYPE | |
| Source | rda content |
| Content type term | text |
| 337 ## - MEDIA TYPE | |
| Source | rda media |
| Media type term | Computer |
| 338 ## - CARRIER TYPE | |
| Source | rda carrier |
| Carrier type term | Online Resource |
| 490 ## - SERIES STATEMENT | |
| Series statement | Bibliothèque De Droit International Privé |
| Volume/sequential designation | Volume Xiii |
| 504 ## - BIBLIOGRAPHY, ETC. NOTE | |
| Bibliography, etc. note | Includes bibliographical references.<br/><br/> |
| 546 ## - LANGUAGE NOTE | |
| Language note | Texte en français |
| 650 14 - SUBJECT ADDED ENTRY--TOPICAL TERM | |
| Topical term or geographic name entry element | Droit international public |
| 700 1# - ADDED ENTRY--PERSONAL NAME | |
| Personal name | Batiffol , Henri |
| Relator term | Préfacier |
| 856 40 - ELECTRONIC LOCATION AND ACCESS | |
| Uniform Resource Identifier | <a href="https://fll.law.cu.edu.eg/fulltext/bks/B11-09076.pdf">https://fll.law.cu.edu.eg/fulltext/bks/B11-09076.pdf</a> |
| 905 ## - Cataloger and Reviser Names | |
| Cataloger Name: | Basma Mohamed |
| 942 ## - ADDED ENTRY ELEMENTS (KOHA) | |
| Source of classification or shelving scheme | Dewey Decimal Classification |
| Koha item type | Books |
| Edition | 21 |
| Suppress in OPAC | No |
| Withdrawn status | Lost status | Source of classification or shelving scheme | Damaged status | Not for loan | Collection | Home library | Current library | Date acquired | Total checkouts | Full call number | Barcode | Date last seen | Copy number | Price effective from | Koha item type |
|---|---|---|---|---|---|---|---|---|---|---|---|---|---|---|---|
| Dewey Decimal Classification | Not for loan | القانون الدولي العام | جــــامعة القــاهرة | مكتبة كلية الحقوق - المبنى الرئيسي | 05.04.2026 | Law1 11 341.511 DR . C 1972 1109076 C1 | B11-09076 | 05.04.2026 | 1 | 05.04.2026 | Books | ||||
| Dewey Decimal Classification | القانون الدولي العام | جــــامعة القــاهرة | مكتبة كلية الحقوق - المبنى الرئيسي | 10.04.2026 | Law1 11 341.511 DR . C 1972 1109237 C2 | B11-09237 | 10.04.2026 | 2 | 10.04.2026 | Books |